|
|
|
|
| LEADER |
00829nam a2200265 4500 |
| 001 |
DLU090074103 |
| 005 |
##20090523 |
| 040 |
# |
# |
|a DLU
|b vie
|
| 041 |
# |
# |
|a vie
|
| 044 |
# |
# |
|a vn
|
| 100 |
# |
# |
|a Lộc Phương Thuỷ,
|c PGS.PTS.
|
| 245 |
# |
# |
|a Xenma Lageclơf - Nhà văn nữ đầu tiên được giải thưởng Nobel văn học /
|c Lộc Phương Thuỷ.
|
| 653 |
# |
# |
|a Chân dung văn học
|
| 653 |
# |
# |
|a Giải thưởng Nobel
|
| 653 |
# |
# |
|a Laguêlôp, X.L, 1858-1940
|
| 773 |
# |
# |
|t Tạp chí văn học
|g Số 12, 1997, tr.41-45
|
| 920 |
# |
# |
|a Phòng Tạp chí -- Trung tâm Thông tin - Thư viện Trường Đại học Đà Lạt
|
| 994 |
# |
# |
|a DLU
|
| 900 |
# |
# |
|a True
|
| 911 |
# |
# |
|a Nguyễn Thị Linh Chi
|
| 925 |
# |
# |
|a G
|
| 926 |
# |
# |
|a A
|
| 927 |
# |
# |
|a BB
|
| 980 |
# |
# |
|a Thư viện Trường Đại học Đà Lạt
|